Представление документа в формате RUSMARC

ПолеНазваниеЗначение
  Тип записи c
  Библиографический уровень m
001 Контрольный номер RU/УОНБ/EK_N/388683618
005 Дата корректировки 20240131001236.5
010 Индекс ISBN __
9 Тираж 5330 экз.
013 Номер (ISMN) __
d Цена 70 к.
071 Издательские номер (звукозапись и ноты) 21
a Номер, присвоенный агентством с4770к
100 Данные общей обработки __
a Данные общей обработки 20120425d1978 u y0rusy0189||||ca
101 Язык документа 0_
a Язык текста rus
102 Страна публикации __
a Страна публикации RU
105 Кодированные данные (монография) __
a Кодированные данные (монография) y###||||000|y
125 Кодированные данные звукозаписи и нотных изданий __
a Форма изложения нотного текста с|
128 Кодированные данные (звукозаписи-физические характеристики) __
a Кодированные данные: Музыкальная форма и тональность или лад voc
c Инструменты или голоса, рекомендуемые для солистов (устаревшее) vu||
c Инструменты или голоса, рекомендуемые для солистов (устаревшее) ka||
200 Заглавие и сведения об ответственности 1_
a Заглавие Вып. 7
e Сведения, относящиеся к заглавию для голоса и фп.
210 Выходные данные 1_
d Дата издания 1978
215 Физическое описание __
a Объем 56 c.
327 Примечание о содержании 11
a Примечание о содержании Содерж. : Вустин А. Вокализ : Ламенто. - Вустин А. Вокализ : Гимн. - Худолей И. Вокализ. - Нисс С. Вокализ. - Кикта В. Баллада-вокализ. - Шахбагян А. Ария. - Сорокин К. Вокализ № 4 : Вальс. - Сидельников Л. Вокализ. - Чеботарев С. Вокализ. - Смирнов Д. Вокализ. - Смирнова Т. Ария-вокализ. - Захаров Э. Вокализ. - Калистратов В. Концертный вокализ. - Дмитриев Г. Концертный вокализ.
461 Уровень набора _0
1 001RU/УОНБ/EK_N/388680735
1 200
a Вокализы
b [Ноты]
v Вып. 7
1 210
a М.
c Сов. композитор
d 1978
464 Аналитический уровень _0
1 2001
a Вокализ
e Ламенто
1 700 1
a Вустин
b А.
4 230
464 Аналитический уровень _0
1 2001
a Вокализ
e Гимн
1 700 1
a Вустин
b А.
4 230
464 Аналитический уровень _0
1 2001
a Вокализ
1 700 1
a Худолей
b И.
4 230
464 Аналитический уровень _0
1 2001
a Вокализ
1 700 1
a Нисс
b С.
4 230
464 Аналитический уровень _0
1 2001
a Баллада-вокализ
1 700 1
a Кикта
b В.
4 230
464 Аналитический уровень _0
1 2001
a Ария
1 700 1
a Шахбагян
b А.
4 230
464 Аналитический уровень _0
1 2001
a Вокализ № 4
e Вальс
1 700 1
a Сорокин
b К.
4 230
464 Аналитический уровень _0
1 2001
a Вокализ
1 700 1
a Сидельников
b Л.
4 230
464 Аналитический уровень _0
1 2001
a Вокализ
1 700 1
a Чеботарев
b С.
4 230
464 Аналитический уровень _0
1 2001
a Вокализ
1 700 1
a Смирнов
b Д.
4 230
464 Аналитический уровень _0
1 2001
a Ария-вокализ
1 700 1
a Смирнова
b Т.
4 230
464 Аналитический уровень _0
1 2001
a Вокализ
1 700 1
a Захаров
b Э.
4 230
464 Аналитический уровень _0
1 2001
a Концертный вокализ
1 700 1
a Калистратов
b В.
4 230
464 Аналитический уровень _0
1 2001
a Концертный вокализ
1 700 1
a Дмитриев
b Г.
4 230
606 Тематические рубрики 0_
a Основная рубрика Вокализы
x Основная подрубрика Без указания характера голоса
610 Ключевые слова 0_
a Ключевые слова вокализы
686 Индексы других классификаций __
a Классификационный индекс 85.943.91
2 Код системы rubbk
801 Источник записи _0
a Страна RU
b Организация Ульяновская ОНБ
c Дата составления 20120425
g Правила каталогизации RCR
801 Источник записи _1
a Страна RU
b Организация Ульяновская ОНБ
c Дата составления 20120425
g Правила каталогизации RCR
901 Тип документа __
t Тип документа n
w Контрольный № источника RU/УОНБ/EK_N/388680735
909 Создатель записи __
a Создатель записи Лобина Л. И.
938 Служебная информация __
a Имя БД noti
b Имя библиотеки УОНБ
c Имя АИБС МАРК-SQL
d Номер DOC_ID в БД 10016